[Event "European Rapid 2017"]
[Site "Katowice POL"]
[Date "2017.12.16"]
[Round "4.23"]
[White "Koscielski, Janusz"]
[Black "Kovalev, Vladislav"]
[Result "1/2-1/2"]
[WhiteTitle "FM"]
[BlackTitle "GM"]
[WhiteElo "2339"]
[BlackElo "2639"]
[WhiteFideId "4614437"]
[BlackFideId "13504398"]
[EventDate "2017.12.16"]

1. e4 e5 2. Nf3 Nc6 3. Nc3 Nf6 4. Bb5 Bd6 5. d3 O-O 6. Bg5 h6 7. Bh4 a6 8. Ba4
b5 9. Bb3 Be7 10. a3 d6 11. h3 Be6 12. Bxf6 Bxf6 13. Nd5 Na5 14. Ba2 c6 15.
Nxf6+ Qxf6 16. O-O Bxa2 17. Rxa2 Qe6 18. Ra1 f5 19. Re1 c5 20. Qd2 Nc6 21. c3 d5
22. exd5 Qxd5 23. Qe3 Rfe8 24. c4 Qd6 25. cxb5 f4 26. Qe4 axb5 27. a4 b4 28.
Rac1 Kh8 29. Qc4 Ra5 30. b3 Rd8 31. Qe4 Qd5 32. Nxe5 Nxe5 33. Qxe5 Qxe5 34. Rxe5
Rxd3 35. Rexc5 Rxc5 36. Rxc5 Rxb3 37. Rb5 Kh7 38. a5 g5 39. a6 Ra3 40. Rxb4 Rxa6
41. f3 Kg6 42. Kh2 1/2-1/2

[Event "European Rapid 2017"]
[Site "Katowice POL"]
[Date "2017.12.16"]
[Round "4.24"]
[White "Plat, Vojtech"]
[Black "Putka, Verners"]
[Result "1-0"]
[WhiteTitle "GM"]
[WhiteElo "2567"]
[BlackElo "2307"]
[WhiteFideId "325740"]
[BlackFideId "11600659"]
[EventDate "2017.12.16"]

1. e4 e5 2. Nf3 Nf6 3. Nxe5 d6 4. Nf3 Nxe4 5. Bd3 Nf6 6. O-O Be7 7. h3 O-O 8. c3
b6 9. Bc2 Bb7 10. d4 Nbd7 11. Re1 Re8 12. Bg5 Bf8 13. Nbd2 g6 14. Rxe8 Qxe8 15.
Qf1 Bg7 16. Re1 Qf8 17. Qc4 c6 18. Bf4 a5 19. a4 h6 20. Qb3 d5 21. Bc7 Ba6 22.
Ne5 Rc8 23. Nxd7 Nxd7 24. Bf4 Re8 25. Rxe8 Qxe8 26. Be3 Qe6 27. Qa2 f5 28. Qb1
Nf6 29. b4 axb4 30. cxb4 Bf8 31. b5 cxb5 32. axb5 Bc8 33. Nf3 Ne4 34. Ne5 Bd7
35. Nxd7 Qxd7 36. Qb3 Qe6 37. Bf4 Bg7 38. Qd3 g5 39. Bc7 f4 40. Bb3 Kh8 41. h4
Bf6 42. hxg5 hxg5 43. Bd1 Kg7 44. Bc2 Kf8 45. Qa3+ Be7 46. Qa8+ Kf7 47. Be5 Nd6
48. Qh8 Nc4 49. Qh7+ Ke8 50. Bg6+ Kd8 51. Qh8+ 1-0

[Event "European Rapid 2017"]
[Site "Katowice POL"]
[Date "2017.12.16"]
[Round "4.25"]
[White "Moranda, Wojciech"]
[Black "Berg, Klaus"]
[Result "1-0"]
[WhiteTitle "GM"]
[BlackTitle "IM"]
[WhiteElo "2593"]
[BlackElo "2323"]
[WhiteFideId "1122401"]
[BlackFideId "1400053"]
[EventDate "2017.12.16"]

1. d4 Nf6 2. c4 c5 3. d5 b5 4. cxb5 a6 5. e3 axb5 6. Bxb5 Qa5+ 7. Nc3 Bb7 8. Bd2
Qb6 9. Qf3 Na6 10. Nge2 Nb4 11. O-O Nbxd5 12. e4 Nb4 13. a4 e6 14. Bg5 Be7 15.
Rad1 Bc6 16. Qg3 O-O 17. Bxc6 Qxc6 18. e5 Nh5 19. Qg4 f6 20. Bh6 Kh8 21. exf6
Rxf6 22. Bg5 Rg6 23. h4 Nf6 24. Qh3 Nbd5 25. Rfe1 h6 26. Nxd5 Nxd5 27. Qd3 Rxg5
28. hxg5 Bxg5 29. Nc3 Nf4 30. Qe4 d5 31. Qf3 Rf8 32. Qg4 Rf6 33. Re5 Ng6 34.
Rxg5 hxg5 35. Qxg5 d4 36. Nb5 Qe4 37. f3 Qc2 38. Rc1 Qxb2 39. Rxc5 d3 40. Rc8+
Rf8 41. Qh5+ Kg8 42. Qxg6 Rxc8 43. Qxe6+ Kh7 44. Qxc8 d2 45. Qf5+ g6 46. Qf7+
Kh6 47. Qf8+ Kh7 48. Qe7+ Kh8 49. Qd8+ Kh7 50. Qd7+ Kh8 51. Qc8+ Kh7 52. Qc7+
Kh8 53. Nc3 Qc1+ 54. Kh2 d1=Q 55. Qe5+ Kh7 56. Nxd1 Qxd1 57. a5 1-0

[Event "European Rapid 2017"]
[Site "Katowice POL"]
[Date "2017.12.16"]
[Round "4.26"]
[White "Dvirnyy, Danyyil"]
[Black "Hansen, Mads Smith"]
[Result "0-1"]
[WhiteTitle "GM"]
[WhiteElo "2532"]
[BlackElo "2347"]
[WhiteFideId "817570"]
[BlackFideId "1400258"]
[EventDate "2017.12.16"]

1. e4 c6 2. d4 d5 3. e5 Bf5 4. Nf3 e6 5. Be2 Nd7 6. O-O Ne7 7. Nbd2 Nc8 8. Nb3
Be7 9. Bd2 O-O 10. a4 Ncb6 11. Na5 Qc7 12. c4 dxc4 13. Nxc4 Nxc4 14. Bxc4 a5 15.
Rc1 Rfd8 16. Qe2 Nb6 17. Bb3 Nd5 18. Bc4 Qb6 19. Bc3 Rd7 20. h3 Bg6 21. g3 h6
22. Rfd1 Rad8 23. Kg2 Nb4 24. Rd2 Nd5 25. Rdd1 Nb4 26. Rd2 Nd5 27. Rdd1 Nb4 28.
b3 Nd5 29. Bb2 Nb4 30. Ba3 Bh5 31. g4 Bg6 32. Bxb4 Qxb4 33. Bd3 Qxb3 34. Bxg6
fxg6 35. Qe4 Qd5 36. Qxg6 Rf8 37. Rc3 Bb4 38. Re3 Rdf7 39. Rdd3 Rf4 40. Kg3 Be7
41. h4 b5 42. axb5 cxb5 43. g5 hxg5 44. hxg5 a4 45. Qh5 R8f5 46. Rd1 Rxf3+ 47.
Qxf3 Rxf3+ 48. Rxf3 Bxg5 49. Rc3 Be7 50. Rc7 Bf8 51. Rc8 a3 52. Rb8 a2 53. Rc1
b4 54. Kg4 Qxd4+ 55. f4 a1=Q 0-1

[Event "European Rapid 2017"]
[Site "Katowice POL"]
[Date "2017.12.16"]
[Round "4.27"]
[White "Tari, Aryan"]
[Black "Jaroch, Karol"]
[Result "1-0"]
[WhiteTitle "GM"]
[WhiteElo "2593"]
[BlackElo "2252"]
[WhiteFideId "1510045"]
[BlackFideId "1130609"]
[EventDate "2017.12.16"]

1. c4 e6 2. Nc3 d5 3. d4 Nf6 4. Nf3 Be7 5. g3 O-O 6. Bg2 b6 7. O-O Bb7 8. Ne5
Qc8 9. cxd5 exd5 10. Bg5 Rd8 11. Qb3 Qe6 12. f4 c6 13. f5 Qc8 14. e4 Nbd7 15.
exd5 Nxe5 16. dxe5 Nxd5 17. Bxe7 Nxe7 18. Ne4 Nd5 19. Nd6 Qd7 20. Rad1 Kh8 21.
f6 g6 22. Rd4 Qc7 23. Bxd5 Rxd6 24. exd6 Qxd6 25. Qe3 cxd5 26. Qh6 Qf8 27. Qxf8+
Rxf8 28. Re1 Bc6 29. Rc1 Ba8 30. Rc7 a5 31. b4 h6 32. h4 Kg8 33. bxa5 bxa5 34.
Ra4 Rd8 35. Rxa5 d4 36. Raa7 Bd5 37. Rd7 Rxd7 38. Rxd7 Bxa2 39. Rxd4 Kh7 40. g4
g5 41. h5 Be6 42. Kf2 Kg8 43. Ke3 Kh7 44. Kd2 Kg8 45. Kc3 Kh7 46. Kb4 Kg8 47.
Kc5 Kh7 48. Kd6 Kh8 49. Ke7 Kg8 50. Rb4 Bd5 51. Rb8+ Kh7 52. Rf8 Bc4 53. Rxf7+
Kh8 54. Rf8+ Kh7 55. f7 Bxf7 56. Rxf7+ 1-0

[Event "European Rapid 2017"]
[Site "Katowice POL"]
[Date "2017.12.16"]
[Round "4.28"]
[White "Dziuba, Marcin"]
[Black "Goluch, Piotr"]
[Result "1-0"]
[WhiteTitle "GM"]
[BlackTitle "FM"]
[WhiteElo "2584"]
[BlackElo "2308"]
[WhiteFideId "1112953"]
[BlackFideId "1137840"]
[EventDate "2017.12.16"]

1. d4 Nf6 2. c4 c5 3. d5 e6 4. Nc3 exd5 5. cxd5 d6 6. Nf3 g6 7. Bf4 Bg7 8. h3
O-O 9. e3 a6 10. a4 Re8 11. Be2 Ne4 12. Nxe4 Rxe4 13. Nd2 Rxf4 14. exf4 Bxb2 15.
Ra2 Bc3 16. O-O Qc7 17. Nc4 b6 18. Qb3 Bb4 19. f5 Nd7 20. fxg6 hxg6 21. f4 Bb7
22. f5 Bxd5 23. fxg6 fxg6 24. Qd3 Bf7 25. Rxf7 Kxf7 26. Qd5+ 1-0

[Event "European Rapid 2017"]
[Site "Katowice POL"]
[Date "2017.12.16"]
[Round "4.29"]
[White "Reichmann, Hendrik"]
[Black "Pavlidis, Antonios"]
[Result "1/2-1/2"]
[WhiteTitle "FM"]
[BlackTitle "GM"]
[WhiteElo "2337"]
[BlackElo "2539"]
[WhiteFideId "4647823"]
[BlackFideId "4212312"]
[EventDate "2017.12.16"]

1. d4 Nf6 2. Bf4 d6 3. e3 g6 4. Nf3 Bg7 5. h3 O-O 6. Be2 c5 7. O-O cxd4 8. exd4
Qb6 9. Nbd2 Nc6 10. Nc4 Qc7 11. c3 Nd5 12. Bh2 b5 13. Ncd2 Rb8 14. Rc1 Nf6 15.
Re1 Be6 16. Ng5 Bf5 17. Bf1 Bh6 18. Ngf3 Be6 19. g4 Bg7 20. Ng5 Bd5 21. b3 Nd8
22. c4 bxc4 23. bxc4 Ba8 24. d5 Nb7 25. Nb3 Nc5 26. Nxc5 Qxc5 27. Rxe7 Rb2 28.
Re2 Rxe2 29. Bxe2 h6 30. Nf3 Ne4 31. Qf1 f5 32. Bd3 fxg4 33. Bxe4 gxf3 34. Bxg6
Bb7 35. Bh5 Bc8 36. Bg3 Rf5 37. Bg4 Rg5 38. Qd3 Bxg4 39. hxg4 Rxg4 40. Qxf3 Rg5
41. Kh2 a5 42. Re1 Qxc4 43. Re8+ Kh7 44. Re6 Rxd5 45. Rxd6 Rxd6 46. Bxd6 Qxa2
47. Qf5+ Kh8 48. Be5 Bxe5+ 49. Qxe5+ Kg8 50. Qe8+ Kg7 51. Qe5+ Kg6 52. Qe4+ Kf6
53. Qf4+ Kg7 54. Qe5+ Kf7 55. Qf5+ Ke7 56. Qe5+ Kd7 57. Qg7+ Ke8 58. Qe5+ Kf8
59. Qf6+ Ke8 60. Qe5+ Kd8 61. Qd6+ Ke8 62. Qe5+ Kd7 63. Qg7+ Kd8 64. Qh8+ Ke7
65. Qe5+ Kd7 66. Qg7+ Kd6 67. Qxh6+ Qe6 68. Qf8+ Qe7 69. Qh6+ Qe6 70. Qf8+ Kc6
71. Qa8+ Kb5 72. Qb7+ Qb6 73. Qd5+ Kb4 74. Qd2+ Kc4 75. Qc2+ Kd5 76. Qd2+ Kc6
77. f4 Qb4 78. Qc2+ Kd5 79. Qf5+ Kd4 80. Qe5+ Kd3 81. f5 Qh4+ 82. Kg2 Qg4+ 83.
Qg3+ Qxg3+ 84. Kxg3 a4 85. f6 a3 86. f7 a2 87. f8=Q a1=Q 88. Qd6+ 1/2-1/2

[Event "European Rapid 2017"]
[Site "Katowice POL"]
[Date "2017.12.16"]
[Round "4.30"]
[White "Tregubov, Pavel V."]
[Black "Natsidis, Christoph"]
[Result "1-0"]
[WhiteTitle "GM"]
[BlackTitle "FM"]
[WhiteElo "2575"]
[BlackElo "2345"]
[WhiteFideId "4115341"]
[BlackFideId "24601179"]
[EventDate "2017.12.16"]

1. d4 Nf6 2. Nf3 c5 3. d5 e6 4. c4 b5 5. Bg5 exd5 6. cxd5 d6 7. e4 a6 8. Nbd2
Be7 9. Bf4 O-O 10. a4 b4 11. Bd3 a5 12. O-O Bg4 13. h3 Bxf3 14. Qxf3 Nbd7 15.
Bb5 Nb6 16. Qe2 Nfd7 17. Rad1 Ne5 18. Bh2 Bf6 19. f4 Ng6 20. e5 Be7 21. Ne4 f5
22. exf6 Bxf6 23. f5 Ne5 24. Nxf6+ Qxf6 25. Bxe5 dxe5 26. Rde1 Kh8 27. Qxe5 Rad8
28. Bc6 Qh6 29. Qe7 Qd2 30. Rd1 Qxb2 31. Qxc5 Rb8 32. d6 Qf6 33. d7 b3 34. Rb1
b2 35. Rf2 Qd8 1-0

[Event "European Rapid 2017"]
[Site "Katowice POL"]
[Date "2017.12.16"]
[Round "4.31"]
[White "Leniart, Arkadiusz"]
[Black "Hracek, Zbynek"]
[Result "0-1"]
[WhiteTitle "IM"]
[BlackTitle "GM"]
[WhiteElo "2502"]
[BlackElo "2592"]
[WhiteFideId "1124226"]
[BlackFideId "300071"]
[EventDate "2017.12.16"]

1. d4 Nf6 2. c4 e6 3. Nc3 Bb4 4. e3 O-O 5. Bd3 d5 6. Nf3 dxc4 7. Bxc4 c5 8. O-O
Nc6 9. a3 Bxc3 10. bxc3 Qc7 11. Qe2 e5 12. d5 e4 13. dxc6 exf3 14. Qxf3 Bg4 15.
Qg3 Qxc6 16. f3 Be6 17. Bxe6 Qxe6 18. e4 Rfd8 19. Be3 b6 20. Rad1 Rd7 21. Rxd7
Qxd7 22. e5 Ne8 23. f4 Rd8 24. f5 Qd3 25. h4 Qxc3 26. f6 Qb3 27. Kh2 Qe6 28. Bh6
Rd4 29. Rf4 Qxe5 30. fxg7 Rxf4 31. Bxf4 Qxg7 32. Qe3 Nf6 33. Qe7 Ng4+ 34. Kh3 h5
35. Qxa7 Qc3+ 36. Bg3 Qa1 37. Qa8+ Kg7 38. Bf4 Qc3+ 39. Bg3 Qc1 40. Bb8 Qh1+ 41.
Kg3 Qe1+ 42. Kh3 Qh1+ 43. Kg3 Qh2+ 44. Kf3 Qxh4 45. Bg3 Qf6+ 46. Bf4 Qc3+ 47.
Ke4 Nf6+ 48. Kf5 Qd3+ 0-1

[Event "European Rapid 2017"]
[Site "Katowice POL"]
[Date "2017.12.16"]
[Round "4.32"]
[White "Krasenkow, Michal"]
[Black "Mazurkiewicz, Michal"]
[Result "1-0"]
[WhiteTitle "GM"]
[WhiteElo "2671"]
[BlackElo "2215"]
[WhiteFideId "1113100"]
[BlackFideId "1124943"]
[EventDate "2017.12.16"]

1. d4 Nf6 2. c4 e5 3. dxe5 Ng4 4. Bf4 g5 5. Bg3 Bg7 6. Nf3 Nc6 7. h4 Ngxe5 8.
Nxe5 Nxe5 9. Nc3 g4 10. h5 h6 11. Bh4 Bf6 12. Bxf6 Qxf6 13. Nd5 Qd8 14. Qd4 d6
15. f4 gxf3 16. gxf3 c6 17. Nc3 c5 18. Qe4 Be6 19. f4 Nxc4 20. f5 d5 21. Qf3 Bd7
22. Nxd5 Bc6 23. Qe4+ Kf8 24. O-O-O Qg5+ 25. Kb1 Nd6 26. Qc2 Qxf5 27. Qxf5 Nxf5
28. Rg1 Rd8 29. e4 Ne7 30. Bg2 Rg8 31. Kc1 Rg5 32. Bf3 Rxg1 33. Rxg1 Bxd5 34.
exd5 Nf5 35. Kd2 Nd4 36. Bh1 Ke7 37. Kd3 Kd6 38. b4 b6 39. bxc5+ bxc5 40. Rg7 f5
41. Rxa7 Rg8 42. Ra6+ Ke5 43. d6 Rd8 44. d7 Rxd7 45. Rxh6 Ne6+ 46. Kc3 Rd1 47.
Bb7 Rc1+ 48. Kb2 Rg1 49. Rh8 Nd4 50. h6 Rf1 51. Re8+ Kf6 52. h7 Rf2+ 53. Kc3 1-0

[Event "European Rapid 2017"]
[Site "Katowice POL"]
[Date "2017.12.16"]
[Round "4.33"]
[White "Gazik, Igor"]
[Black "Mastrovasilis, Dimitrios"]
[Result "0-1"]
[WhiteTitle "IM"]
[BlackTitle "GM"]
[WhiteElo "2257"]
[BlackElo "2582"]
[WhiteFideId "14900149"]
[BlackFideId "4202694"]
[EventDate "2017.12.16"]

1. e4 c5 2. Nc3 e6 3. f4 d5 4. Bb5+ Bd7 5. Qe2 dxe4 6. Nxe4 Bxb5 7. Qxb5+ Qd7 8.
Qxd7+ Nxd7 9. d3 Ngf6 10. Nf3 Be7 11. Ke2 Nd5 12. g3 O-O 13. a3 f5 14. Ned2 Bf6
15. Nc4 Rae8 16. Nd6 Re7 17. Re1 N7b6 18. Ne5 Rd8 19. Ndc4 Nxc4 20. dxc4 Nb6 21.
b3 h6 22. Be3 Bxe5 23. fxe5 Red7 24. Kf2 Rc8 25. Rad1 Kf7 26. a4 Ke7 27. h4 Rxd1
28. Rxd1 Nd7 29. Bf4 Nb8 30. Be3 b6 31. a5 Nc6 32. axb6 axb6 33. Rd6 Nxe5 34.
Rxb6 Ng4+ 35. Kf3 Nxe3 36. Kxe3 g5 37. Rb7+ Kf6 38. Rh7 Kg6 39. Re7 Rc6 40. hxg5
hxg5 41. Kd3 Rd6+ 42. Ke3 Rc6 43. Kd3 Kh5 44. Rg7 e5 45. Re7 e4+ 46. Ke3 Kg4 47.
Re5 Rh6 48. Rxc5 Rh3 49. Rc8 f4+ 50. Kxe4 fxg3 51. Ke3 Rh1 0-1

[Event "European Rapid 2017"]
[Site "Katowice POL"]
[Date "2017.12.16"]
[Round "4.34"]
[White "Miezis, Normunds"]
[Black "Bednarek, Sylwester"]
[Result "0-1"]
[WhiteTitle "GM"]
[BlackTitle "FM"]
[WhiteElo "2434"]
[BlackElo "2307"]
[WhiteFideId "11600136"]
[BlackFideId "1101811"]
[EventDate "2017.12.16"]

1. c4 c5 2. Nc3 Nf6 3. g3 e6 4. e4 d6 5. Bg2 a6 6. Nge2 Be7 7. d3 O-O 8. O-O Nc6
9. a3 Rb8 10. Rb1 b5 11. cxb5 axb5 12. b4 cxb4 13. axb4 d5 14. Bf4 Rb6 15. exd5
exd5 16. Bg5 Be6 17. Nf4 Bg4 18. Qd2 d4 19. Bxf6 Bxf6 20. Ncd5 Ra6 21. Nxf6+
Qxf6 22. Nd5 Qd6 23. Qg5 Be2 24. Nf4 Bxf1 25. Rxf1 Qe5 26. Qg4 Nxb4 27. h4 Nc2
28. Qd1 Qc5 29. Qg4 b4 30. Bd5 Rf6 31. Bb3 Qc8 32. Qd1 Rxf4 33. gxf4 Na3 34. Re1
Qh3 35. Re5 Qxh4 36. Re4 Nb5 37. Qf3 Qf6 38. Re5 Nc3 39. Kg2 g6 40. Rc5 Re8 41.
Rc6 Qe7 42. Rb6 Ne2 43. Bc4 Qh4 44. f5 Nf4+ 45. Kf1 g5 46. Rf6 g4 47. Bxf7+ Kh8
48. Rh6 Qxh6 49. Qxg4 Qh1+ 0-1

[Event "European Rapid 2017"]
[Site "Katowice POL"]
[Date "2017.12.16"]
[Round "4.35"]
[White "Terletsky, Oleg"]
[Black "Mikhalchishin, Adrian"]
[Result "0-1"]
[WhiteTitle "FM"]
[BlackTitle "GM"]
[WhiteElo "2384"]
[BlackElo "2479"]
[WhiteFideId "14116774"]
[BlackFideId "14602385"]
[EventDate "2017.12.16"]

1. e4 e5 2. Nf3 Nc6 3. Nc3 Nf6 4. d4 exd4 5. Nxd4 Bb4 6. Nxc6 bxc6 7. Bd3 O-O 8.
O-O Re8 9. Bg5 h6 10. Bh4 g5 11. Bg3 Bxc3 12. bxc3 Nxe4 13. Bxe4 Rxe4 14. f4 d6
15. fxg5 Qxg5 16. Qf3 Qe3+ 17. Qxe3 Rxe3 18. Rf6 Rxc3 19. Raf1 Be6 20. Rxh6 Rxc2
21. Bh4 Bd5 22. Rf5 Rxg2+ 23. Kf1 Rg6 24. Rhh5 Kg7 25. Be1 Rb8 26. Bc3+ f6 27.
Rh4 Rb1+ 28. Kf2 Rc1 29. Bd2 Rg2+ 30. Ke3 Rc2 31. Rd4 Rxh2 32. a4 Ra2 33. Rg4+
Kf7 34. Bc3 Rh3+ 0-1

[Event "European Rapid 2017"]
[Site "Katowice POL"]
[Date "2017.12.16"]
[Round "4.36"]
[White "Kashtanov, Ruslan"]
[Black "Tomczak, Jacek"]
[Result "0-1"]
[WhiteTitle "IM"]
[BlackTitle "GM"]
[WhiteElo "2376"]
[BlackElo "2588"]
[WhiteFideId "4124871"]
[BlackFideId "1124668"]
[EventDate "2017.12.16"]

1. Nf3 Nf6 2. c4 c5 3. Nc3 d5 4. cxd5 Nxd5 5. e3 Nc7 6. d4 g6 7. Qa4+ Nd7 8. h4
Bg7 9. h5 cxd4 10. h6 Bf6 11. Ne4 O-O 12. Nxf6+ Nxf6 13. Qxd4 Bd7 14. Bd2 Ne6
15. Qh4 Rc8 16. Be2 Rc2 17. Qb4 Bc6 18. Rd1 Qc7 19. Bd3 Rc5 20. Nd4 Bxg2 21. Rg1
Qh2 22. Rxg2 Qxg2 23. Nxe6 fxe6 24. Bf1 Qg1 25. Qxb7 Ne4 26. Ke2 Qxf2+ 27. Kd3
Rd5+ 0-1

[Event "European Rapid 2017"]
[Site "Katowice POL"]
[Date "2017.12.16"]
[Round "4.37"]
[White "Warakomski, Tomasz"]
[Black "Dudzinski, Pawel"]
[Result "1/2-1/2"]
[WhiteTitle "GM"]
[BlackTitle "FM"]
[WhiteElo "2537"]
[BlackElo "2241"]
[WhiteFideId "1124552"]
[BlackFideId "1117890"]
[EventDate "2017.12.16"]

1. e4 c6 2. d4 d5 3. e5 c5 4. dxc5 Nc6 5. Nf3 Bg4 6. c3 e6 7. Be3 Bxf3 8. Qxf3
Nxe5 9. Bb5+ Nc6 10. c4 Nf6 11. Nc3 Be7 12. cxd5 Nxd5 13. O-O O-O 14. Rfd1 Qa5
15. Nxd5 exd5 16. Bf1 d4 17. Bxd4 Bxc5 18. Bc3 Qb6 19. Rd7 Rad8 20. Rxd8 Rxd8
21. Bc4 Qc7 22. Re1 Bd4 23. Bxd4 Nxd4 24. Qe4 Ne6 25. Bxe6 fxe6 26. Qxe6+ Qf7
27. Qe3 Qxa2 28. b3 Qd2 29. Qe6+ Kf8 30. h4 Qd7 31. Qe4 Kg8 32. g3 Qf7 33. Qe3
b6 34. Rc1 Re8 35. Qd3 Rf8 36. Rc2 h6 37. b4 Qf5 38. Qc4+ Qf7 39. Qc6 Qf3 40.
Qxf3 1/2-1/2

[Event "European Rapid 2017"]
[Site "Katowice POL"]
[Date "2017.12.16"]
[Round "4.38"]
[White "Lewicki, Miroslaw"]
[Black "Kantans, Toms"]
[Result "0-1"]
[WhiteTitle "CM"]
[BlackTitle "GM"]
[WhiteElo "2404"]
[BlackElo "2484"]
[WhiteFideId "1113380"]
[BlackFideId "11602945"]
[EventDate "2017.12.16"]

1. e4 c5 2. Nf3 Nf6 3. Nc3 Nc6 4. d4 d5 5. exd5 Nxd5 6. Nxd5 Qxd5 7. c4 Qe4+ 8.
Be3 cxd4 9. Nxd4 e5 10. Qf3 Bb4+ 11. Kd1 Bg4 0-1

[Event "European Rapid 2017"]
[Site "Katowice POL"]
[Date "2017.12.16"]
[Round "4.39"]
[White "Stocek, Jiri"]
[Black "Bartel, Michal"]
[Result "0-1"]
[WhiteTitle "GM"]
[BlackTitle "FM"]
[WhiteElo "2566"]
[BlackElo "2360"]
[WhiteFideId "304760"]
[BlackFideId "1119257"]
[EventDate "2017.12.16"]

1. c4 e5 2. Nc3 d6 3. Nf3 Be6 4. d4 Nd7 5. e4 Be7 6. h3 exd4 7. Nxd4 Ngf6 8. b3
O-O 9. Bb2 Re8 10. Bd3 Nc5 11. O-O Nxd3 12. Qxd3 Nd7 13. Rad1 Bf6 14. Rfe1 Be5
15. Nf3 Bf6 16. Qd2 h6 17. Ne2 Bxb2 18. Qxb2 Qf6 19. Qd2 Bxh3 20. e5 Rxe5 21.
Nxe5 Nxe5 22. Qf4 Qg6 23. Qg3 Bg4 24. c5 Re8 25. cxd6 cxd6 26. f3 Bf5 27. Qxg6
Bxg6 28. Nf4 Bc2 29. Rc1 Bf5 30. Nd5 Kf8 31. f4 Nc6 32. Rxe8+ Kxe8 33. b4 Be6
34. Rd1 Bxd5 35. Rxd5 Nxb4 36. Rxd6 Nxa2 37. Rd3 Nb4 38. Rb3 a5 39. Kf2 Kd7 40.
Ke3 Kc6 41. Kd4 Kb5 42. Rb1 b6 43. f5 Ka4 44. Kc3 Nd5+ 45. Kd4 Nb4 46. Kc3 Nd5+
47. Kd4 Nb4 0-1

[Event "European Rapid 2017"]
[Site "Katowice POL"]
[Date "2017.12.16"]
[Round "4.40"]
[White "Michalik, Peter"]
[Black "Tymrakiewicz, Rafal"]
[Result "1/2-1/2"]
[WhiteTitle "GM"]
[BlackTitle "FM"]
[WhiteElo "2557"]
[BlackElo "2272"]
[WhiteFideId "14907526"]
[BlackFideId "1108832"]
[EventDate "2017.12.16"]

1. d4 Nf6 2. c4 g6 3. Nf3 Bg7 4. e3 c5 5. d5 d6 6. Be2 O-O 7. O-O e5 8. Nfd2 e4
9. Nc3 Re8 10. Rb1 h5 11. a3 Bf5 12. Qc2 Nbd7 13. b4 b6 14. Bb2 Qe7 15. Rfc1 Bh6
16. Nb5 Rec8 17. bxc5 Nxc5 18. Nd4 Bd7 19. N2b3 Bg7 20. Qd2 Ng4 21. Bxg4 hxg4
22. Nxc5 bxc5 23. Ne2 Rcb8 24. Bc3 Bxc3 25. Qxc3 Qd8 26. Qc2 f5 27. Nf4 Kf7 28.
Qc3 Qf6 29. Qa5 Qd8 30. Qxd8 Rxd8 31. Rb7 Kf6 32. Rcb1 g5 33. Ne2 Bc8 34. Rh7
Ba6 35. Nc3 Kg6 36. Re7 Re8 37. Rd7 Red8 38. Rc7 Rdc8 39. Re7 Re8 1/2-1/2

[Event "European Rapid 2017"]
[Site "Katowice POL"]
[Date "2017.12.16"]
[Round "4.41"]
[White "Troyke, Christian"]
[Black "Laurusas, Tomas"]
[Result "0-1"]
[WhiteTitle "IM"]
[BlackTitle "IM"]
[WhiteElo "2348"]
[BlackElo "2423"]
[WhiteFideId "4616278"]
[BlackFideId "12803731"]
[EventDate "2017.12.16"]

1. g3 d5 2. Bg2 Nf6 3. c4 d4 4. Nf3 c5 5. O-O Nc6 6. d3 e5 7. b4 cxb4 8. a3 Nd7
9. e3 dxe3 10. Bxe3 Be7 11. axb4 Bxb4 12. d4 O-O 13. Qc2 a5 14. Nc3 exd4 15.
Nxd4 Nxd4 16. Bxd4 Bc5 17. Rfd1 Bxd4 18. Rxd4 Qb6 19. Rh4 Qg6 20. Be4 f5 21.
Bd5+ Kh8 22. Rb1 Nc5 23. Ne2 a4 24. Nf4 Qf6 25. Qe2 Ra6 26. Nh5 Qg5 27. Qe5 a3
28. f4 Qg6 29. Qe7 Nd7 30. Nxg7 Qxg7 31. Qe1 a2 32. Ra1 Nf6 33. Bf3 Re8 34. Qd1
Qd7 35. Qc1 Qd4+ 36. Kg2 Bd7 37. Rh6 Kg7 38. Rh4 Bc6 39. Bxc6 Re2+ 40. Kh3 Rxc6
41. Rxa2 Rxa2 42. Qb1 Qb2 0-1

[Event "European Rapid 2017"]
[Site "Katowice POL"]
[Date "2017.12.16"]
[Round "4.42"]
[White "Jaracz, Pawel"]
[Black "Krainski, Aleksander"]
[Result "1-0"]
[WhiteTitle "GM"]
[BlackTitle "FM"]
[WhiteElo "2465"]
[BlackElo "2203"]
[WhiteFideId "1102222"]
[BlackFideId "1102400"]
[EventDate "2017.12.16"]

1. e4 e5 2. Nf3 Nc6 3. Bb5 Nf6 4. d3 d6 5. c3 Be7 6. O-O O-O 7. Re1 Bg4 8. Nbd2
a6 9. Ba4 Nd7 10. h3 Bh5 11. Nf1 Nc5 12. Bc2 Ne6 13. Ng3 Bxf3 14. Qxf3 Bg5 15.
Nf5 Kh8 16. Ne3 Qf6 17. Qxf6 Bxf6 18. Nd5 Bd8 19. f4 Ne7 20. Nxe7 Bxe7 21. f5
Nc5 22. b4 Nd7 23. Be3 h6 24. Re2 Rad8 25. Bb3 Nf6 26. Bd2 Nh7 27. Rf1 Bf6 28.
Kh2 Ra8 29. g3 c6 30. h4 Be7 31. Kh3 a5 32. g4 a4 33. Bc2 b5 34. Rg2 f6 35. d4
Rac8 36. Bd3 Rfd8 37. d5 cxd5 38. exd5 Rb8 39. Rc1 Rdc8 40. Be3 Bd8 41. Rgc2 Nf8
42. a3 Nd7 43. c4 bxc4 44. Rxc4 Rxc4 45. Rxc4 Bb6 46. Bc1 e4 47. Bxe4 Ne5 48.
Rc2 Re8 49. Re2 Bd4 50. g5 fxg5 51. hxg5 hxg5 52. Bxg5 Nc4 53. Bd3 Rxe2 54. Bxe2
Nxa3 55. Bd3 1-0

[Event "European Rapid 2017"]
[Site "Katowice POL"]
[Date "2017.12.16"]
[Round "4.43"]
[White "Klabis, Rokas"]
[Black "Olszewski, Michal"]
[Result "1-0"]
[WhiteTitle "FM"]
[BlackTitle "GM"]
[WhiteElo "2366"]
[BlackElo "2540"]
[WhiteFideId "12805246"]
[BlackFideId "1121251"]
[EventDate "2017.12.16"]

1. e4 c5 2. Nf3 d6 3. Bb5+ Nd7 4. O-O a6 5. Bd3 Ngf6 6. Re1 e5 7. c3 Be7 8. Bf1
O-O 9. d4 Re8 10. Na3 Bf8 11. dxe5 dxe5 12. Nc4 b5 13. Nd6 Bxd6 14. Qxd6 Bb7 15.
Bg5 Bxe4 16. Bxf6 Nxf6 17. Qxc5 Bxf3 18. gxf3 Rc8 19. Qe3 Nd5 20. Qd2 Qd6 21.
Rad1 Qg6+ 22. Kh1 Nf4 23. Qd7 Qb6 24. Rxe5 Red8 25. Rde1 Ne6 26. Qe7 Qxf2 27.
R5e2 Qxf3+ 28. Bg2 Qh5 29. Re5 Qg6 30. Bh3 Re8 31. Qb7 Rcd8 32. Qxa6 Rd2 33. Qc6
Red8 34. Bxe6 fxe6 35. Rxe6 Qh5 36. Re8+ Rxe8 37. Rxe8+ Kf7 38. Qe6# 1-0

[Event "European Rapid 2017"]
[Site "Katowice POL"]
[Date "2017.12.16"]
[Round "4.44"]
[White "Mohr, Georg"]
[Black "Bus, Konrad"]
[Result "0-1"]
[WhiteTitle "GM"]
[WhiteElo "2473"]
[BlackElo "2237"]
[WhiteFideId "14600013"]
[BlackFideId "1148362"]
[EventDate "2017.12.16"]

1. e4 e5 2. Nf3 Nc6 3. Nc3 Nf6 4. a3 d6 5. d4 exd4 6. Nxd4 Be7 7. Bb5 Bd7 8.
Bxc6 bxc6 9. Qf3 c5 10. Nf5 Bxf5 11. Qxf5 Qd7 12. Qf3 O-O 13. O-O Rfe8 14. Bf4
Rab8 15. b3 Qe6 16. Qd3 Qg4 17. Be3 Qd7 18. f3 Bf8 19. Rad1 Qc6 20. Bg5 Be7 21.
Kh1 a6 22. Rde1 Nd7 23. Bd2 c4 24. bxc4 Ne5 25. Qe2 Qxc4 26. Qd1 c6 27. f4 Nd7
28. Rf3 Nf8 29. Rd3 Rb7 30. e5 d5 31. f5 Bxa3 32. Nxd5 cxd5 33. Rxa3 Reb8 34.
Rc3 Qa2 35. Qe2 Rb1 36. h3 d4 37. Rc6 Rxe1+ 38. Bxe1 Rb1 39. Kh2 d3 40. Qxd3
Rxe1 41. Rc8 Qa5 42. Rxf8+ Kxf8 43. Qd6+ Ke8 44. Qc6+ Kd8 45. Qd6+ Kc8 46. Qf8+
Kb7 47. Qxf7+ Qc7 48. Qd5+ Kb8 49. Qb3+ Ka7 0-1